00655 2200217 4500001002100000005001500021035002000036007000300056008003900059020001900098082000800117084001400125100003000139245006900169250001400238260004700252300003600299650004000335650004200375990002000417INLIS00000000000360420230111082218 a0010-0123000131ta230111 | | |  a978979353566-1 a031 a031 A D e0 aA Dorling Kindersley Book1 aEnsiklopedia IPA Percobaan Sains. 2 /cA Dorling Kindersley Book aCet. 1,-- aJakarta. :bLentera Abadi Jakarta.,c2016. a98 hlm. :bilus. ;c21 x 29 cm. aPenyusun, Nita Sudarjo, Ina Suryono aPenyunting, Drs. A. Ari Dartoyo, MTP a13233/P/Bl/2016